000 00708nam a2200241Ia 4500
005 20260429111923.0
008 260429s9999||||xx |||||||||||||| ||und||
020 _a9783031251320
041 _aEnglish
082 _a515.35
_bHEN
100 _aHenner, Victor
245 0 _aOrdinary differential equations :
_banalytical methods and applications /
_cVictor Henner
250 _a1st ed.
260 _aSwitzerland :
_bSpringer,
_c2023.
300 _axii, 606 p.; pbk
650 _a Applied mathematics
650 _a Mathematical methods
650 _aDifferential equations
700 _a Belozerova, Tatyana
700 _a Khenner, Mikhail
700 _a Nepomnyashchy, Alexander
942 _cTB
999 _c51438
_d51438